[Event "Itau Mercosul Cup 6th"]
[Site "Sao Paulo"]
[Date "2002.10.04"]
[Round "8"]
[White "Korneev, Oleg"]
[Black "Mikhalevski, Victor"]
[Result "1/2-1/2"]
[WhiteElo "2583"]
[BlackElo "2520"]
[Annotator "Mikhalevski,V"]
[PlyCount "109"]
[EventDate "2002.09.28"]
[EventType "swiss"]
[EventRounds "9"]
[EventCountry "BRA"]
[SourceTitle "CBM 090 Extra"]
[Source "ChessBase"]
[SourceDate "2002.11.07"]
[SourceVersion "1"]
[SourceVersionDate "2002.11.07"]
[SourceQuality "1"]

{This game was played with a strange time rate. The first time rate was 1 hour
for 23 moves, if I remember well. It made the opening preparation much more
important than in games with a classical time rate. So I decided to choose a
very risky line which however requires from White to spend some time on it.} 1.
e4 e5 2. Nf3 Nc6 3. Bb5 a6 4. Ba4 Nf6 5. O-O Nxe4 6. d4 b5 7. Bb3 d5 8. dxe5
Be6 9. Nbd2 Nc5 10. c3 d4 {In according to modern theory after this move White
has an advantage at all lines. The main problem is Karpov's} 11. Ng5 $1 {
This move was introduced in Karpov-Kortchnoj in 1978. Since then Black is
trying to find equality but without any success for the moment. The main idea
of the move is to exploit the weakness of the c6-a8 diagonal which was just
weakened by 10...d4.} Qxg5 {The general move in this position. Usually it
leads to an endgame with an extra piece for White vs two strong pawns.
Theory's verdict says that White is better.} ({Kortschnoj played} 11... dxc3 {
and after} 12. Nxe6 fxe6 13. bxc3 Qd3 14. Nf3 {and now} ({However the main
surprise came in the 10th game of Kasparov-Anand match in New York,1995.} 14.
Bc2 Qxc3 15. Nb3 $3 Nxb3 16. Bxb3 Nd4 17. Qg4 $1 Qxa1 18. Bxe6 Rd8 19. Bh6 {
The game is annotated by Ftacnik in CBM 49}) 14... Qxd1 ({Anand played} 14...
O-O-O {against Kasparov and equalized in their match in New York,1995 This
game is annotated by Anand in CBM 49.}) 15. Rxd1 Be7 {and eventually the game
ended in a draw. Karpov-Kortschnoj, Wch1978}) 12. Qf3 Bd7 $5 {This move was
tested only twice. Black is ready to give up the f7-pawn with check but to
keep an extra piece. To say that this move is dangerous is to say nothing.} ({
The main line goes:} 12... O-O-O 13. Bxe6+ fxe6 14. Qxc6 Qxe5 15. b4 Qd5 16.
Qxd5 exd5 17. bxc5 dxc3 18. Nb3 d4 19. Ba3 $1 {Kasparov-Shirov,CBM82 [Ftacnik]}
) 13. Bxf7+ {[%csl Re8]} ({Doesn't promise much} 13. Qxf7+ Kd8 {and Black
seems to hold.}) 13... Ke7 14. Bd5 $1 {[%csl Ra8,Rc6] White forces opening of
the e-file.} Nxe5 15. Qe2 {[%cal Ge2e7,Gc3d4]} d3 $8 ({Bad is} 15... Bg4 $2 16.
Nf3 Qf5 17. Qxe5+ Qxe5 18. Nxe5 $18 {[%csl Ra8,Rg4] 1-0 Pinter,E-Federic,P/
Komarno 1999/EXT 2002 (24)}) 16. Qe1 {[%cal Gd2f3,Gd2e4]} Re8 $1 $146 {This is
the move I prepared for the game. It looks better than the previously played
16...c6.} (16... c6 17. f4 Qh6 18. Bf3 $1 {[%cal Ge1e7]} Kd8 19. fxe5 $16 {
1-0 Wolff,P-Flear,G/London 1990/CBM 18 (34)}) 17. f4 ({Worse is} 17. Nf3 $2 Qh5
18. Nxe5 Kd6 $1 {[%csl Rd5,Re5]}) 17... Qg4 (17... Qh5 $5) 18. Qxe5+ ({
Probably better is} 18. fxe5) 18... Kd8 19. Qd4 Ne6 $1 {A pawn sacrifice for
initiative. Black forces the exchange of one of the bishops.} 20. Bxe6 Rxe6 {
[%cal Ge6e2]} 21. Qxd3 (21. Nf3 $13 {[%cal Gf3e5] looks better}) 21... Bc5+ 22.
Kh1 Re2 23. Qf3 Qxf3 24. Nxf3 Bc6 $15 {[%csl Gc5,Gc6,Rg2] In the arised
endgame Black is better thanks to his strong bishops.} 25. b4 Bb6 26. a4 Rf8 $5
{[%csl Rg2][%cal Gf8f6,Gf6g6] Bringing the rook to g6.} ({During the game I
wasn't sure how to meet 27.c4} 26... bxa4 $5 27. c4 {[%cal Gc4c5]}) 27. axb5
axb5 28. Rb1 $1 {The best defence. White has to trade the e2-rook.} Rf6 {
[%csl Rg2][%cal Gf6g6]} ({I was also considering} 28... Kc8 $5 {taking the
king away of check along the d-file, but probably it only leads to
transposition.} 29. h3) 29. Rb2 {Just in time.} Rxb2 30. Bxb2 Rxf4 $17 {
[%csl Gb6,Gc6] Strong bishops on b6 and c6 promise a clear edge.} 31. h3 Re4 $1
{[%cal Ge4e2]} 32. Rd1+ Ke7 $2 {A serious inaccuracy. The king gets under
attack while it would be much safer on c8.} (32... Kc8 $1 $17 33. Nd4 $140 Bxd4
34. cxd4 Bd5 $1 {[%cal Ge4e2]} 35. Rd2 Re3 {[%cal Ge3h3,Ge3b3] with good
chances for a win.}) 33. Nd4 Bb7 $1 ({Now} 33... Bxd4 34. cxd4 Bd5 {is not
enough for a win because of} (34... Re2 35. d5 $1) 35. Bc3 $1 {This is the
move I missed playing Ke7.} Re2 36. Re1 Bxg2+ 37. Kh2 $11) 34. Bc1 Bxd4 35.
cxd4 Ke6 $1 {[%csl Rb4,Rd4] Despite inaccuracy on the 32th move Black still
has chances for a win. White's queen side pawns are weak.} 36. Kh2 Kd5 37. Kg3
({Probably the best defense was} 37. Bg5 $5 {[%cal Gg5d8] attacking the pawns
from behind.} Rxd4 $140 38. Rxd4+ Kxd4 39. Be7) 37... Rxd4 $1 {Black's b-pawn
will be very fast. So even one extra pawn can be enough for a win.} 38. Rxd4+
Kxd4 39. Kf2 $1 {Preparign to meet c5 with Be3+} Kc4 40. Bf4 c5 $5 {Winning a
tempo.} ({Probably not enough is} 40... Kxb4 41. Bxc7 Kc4 (41... Kb3 $5) 42. g3
b4 43. Ke1 $1) 41. bxc5 b4 $1 42. g4 $2 {This move loses in all lines.} ({
White would have chances for a draw after} 42. h4 $1 {[%cal Gg2g4]}) 42... Kd3
$4 {This move which I played instantly throws the win.} ({After} 42... b3 $1 {
Black wins in all lines. The main idea is to prevent penetration of white king
to black pawns fixing on the way weaknesses on h3 and g4.} 43. Be5 ({Doesn't
help} 43. Bc1 g5 $5 {[%csl Rg4,Rh3]} (43... Kxc5 $2 44. g5 $1) 44. Ba3 Kc3 45.
Ke3 (45. Kg3 b2 46. Bxb2+ Kxb2 47. h4 h6) 45... Bg2 46. Kf2 (46. Bc1 b2 47.
Bxb2+ Kxb2) (46. h4 gxh4 47. g5 b2 48. Bxb2+ Kxb2 49. Kf4 Kc3 50. c6 Bxc6 51.
Kg4 Be4) 46... Bxh3 47. Kf3 (47. Kg3 Bf1) 47... b2 48. Bxb2+ Kxb2 49. c6 Bf1
50. c7 (50. Ke4 Bg2+ 51. Kf5 Bxc6 52. Kxg5 Be4) 50... Ba6 51. Ke4 Bc8 52. Ke5
Bxg4 53. Kf6 h6 54. Kg6 Bc8 55. Kxh6 g4) 43... g5 $1 {[%csl Rg4,Rh3] fixing
the king side.} 44. Ke3 Bg2 45. Kf2 $1 (45. c6 Bxc6 $1 (45... Bxh3 46. Kf3 Kd5
$5 47. c7 h5 $3 48. gxh5 Kxe5 49. h6 b2 50. h7 b1=Q 51. h8=Q+) 46. Kd2 Bg2 47.
Bf6 Bxh3 48. Bxg5 Bxg4 $19) (45. Kd2 Bxh3 46. Bf6 Bxg4 47. Bxg5 (47. c6 Bf5 48.
c7 g4 $19) 47... Kxc5 $19) 45... Kd5 $1 {Stoping the c-pawn with a tempo} (
45... Bxh3 $5 46. Kg3 (46. c6 Bxg4) 46... Kd5 $1 47. c6 $1 Bf1 48. c7 Ba6 49.
Bf6 Ke6 50. Bg7 Kd6 51. Kf3 Kxc7 $19 {[%cal Ga6c8]}) 46. Bb2 (46. c6 Kxe5 47.
Kxg2 (47. c7 Bb7) 47... Kd6) (46. Bf6 Bxh3 47. Kg3 Bf1 (47... Bxg4 $5 48. Kxg4
h6 $1 49. Bd4 Kxd4 50. c6 b2 51. c7 b1=Q 52. c8=Q Qe4+ $17) 48. Kf2 Bb5 49. Ke3
Kxc5 50. Kd2 Kc4 51. Bxg5 Bd7 $19) 46... Bxh3 47. Kg3 (47. Kf3 Kxc5) 47... Bf1
48. Ba3 Be2 $1 {[%csl Rg4]} 49. Kh3 Bb5 $1 50. Kg3 Kd4 $19 {[%csl Rc5][%cal
Gd4c3] and Black wins.}) 43. h4 $1 $11 {I missed this strong idea. Now my king
side pawns become targets and I don't have time to come with the king to c2.}
b3 44. Be5 g6 45. Kg3 {[%csl Rg6,Rh7][%cal Gg3f4,Gf4g5,Gg5h6]} Ke4 46. Bb2 h6 {
[%cal Gg6g5] Last trap.} 47. g5 $1 {Only defense. White stops g5 and ready to
penetrate to e5 if black king goes to c2. Weakness of the g6-pawn doesn't
allow Black to win.} h5 48. Ba1 Bc6 ({Not enough also} 48... Ba8 49. Bb2 Bc6
50. Ba1 Bd7 51. Bb2 Bf5 52. c6 Kd3 53. Kf4 Kc2 54. Bd4 b2 55. Bxb2 Kxb2 56. Ke5
Kc3 57. Kf6 Kd4 58. c7 Ke4 59. c8=Q Bxc8 60. Kxg6 Bg4 61. Kh6 $11) 49. Bb2 Kd5
(49... Kd3 50. Kf4 Kc2 51. Ba1 b2 52. Bxb2 Kxb2 53. Ke5 Kc3 54. Kf6 Be4 55. c6)
(49... Be8 50. Ba1 Ke3 51. Bb2 Kd3 52. Kf4 Kc2 53. Ba1 b2 54. Bxb2 Kxb2 55. Ke5
Kc3 56. Kf6 Kd4 57. c6 $11) 50. Kf2 (50. Kf4 Kxc5 51. Ke3) 50... Kxc5 51. Ke3 {
The rest doesn't require comments. The position is a dead draw.} Kc4 52. Kd2
Be4 53. Kc1 Kd3 54. Be5 Ke2 55. Bg3 1/2-1/2

[Event "Dos Hermanas 10th"]
[Site "Dos Hermanas"]
[Date "1999.04.11"]
[Round "5"]
[White "Svidler, Peter"]
[Black "Anand, Viswanathan"]
[Result "1/2-1/2"]
[WhiteElo "2713"]
[BlackElo "2781"]
[Annotator "Mikhalevski,V"]
[PlyCount "138"]
[EventDate "1999.04.06"]
[EventType "tourn"]
[EventRounds "9"]
[EventCountry "ESP"]
[EventCategory "19"]
[SourceTitle "CBM 071"]
[Source "ChessBase"]
[SourceDate "1999.08.01"]
[SourceVersion "1"]
[SourceVersionDate "1999.08.01"]
[SourceQuality "1"]

1. e4 {Hecht,Hj} e5 2. Nf3 Nc6 3. Bb5 a6 4. Ba4 Nf6 5. O-O Nxe4 6. d4 b5 7. Bb3
d5 8. dxe5 Be6 9. Nbd2 Nc5 10. c3 d4 11. Ng5 Bd5 $2 {A new idea of I.Sokolov
and J.Piket tried by the first against Anand in Leon in 1994.It's interesting
that it was born not as an attempt to alive 10...d4 line after brilliant win
of Kasparov in the 10-th game of his match against Anand,but a year before
against the same opponent! Up to the current game it seems to be working,but
Svidler shows that attack is much more strong than it was considered before.} (
11... dxc3 12. Nxe6 fxe6 13. bxc3 Qd3 14. Bc2 $1 Qxc3 15. Nb3 $3 {
Kasparov-Anand,New York(m/10) 1995.}) (11... Qxg5 12. Qf3) 12. Nxf7 $1 ({
Lately the line} 12. Bxd5 Qxd5 13. Nb3 Nxb3 (13... d3 {Dorfman} 14. Nd4 Nxe5
15. Re1 Be7 16. Nf5 $36) 14. axb3 Be7 15. Nf3 d3 $1 $13 {was discussed.} ({
In the origin game Black played worse and White obtained better play.} 15...
Nxe5 16. Nxd4 Ng6 17. Qf3 Qxf3 18. Nxf3 c5 19. Rd1 $14 {0-1 Anand,V-Sokolov,I/
Lyon 1994/CBM 45/[Kortschnoj] (53)}) 16. Be3 (16. Nd4 $13) (16. Bg5 {Dorfman}
Bxg5 17. Nxg5 O-O $10) 16... O-O 17. Bd4 $146 (17. b4 Rfd8 18. Re1 a5 19. bxa5
Rxa5 20. Rxa5 Nxa5 21. Nd4 Nc4 22. b3 Nxe5 23. f4 Ng6 24. b4 Qc4 25. Qd2 c5 26.
bxc5 Bxc5 27. f5 Ne5 28. Kh1 f6 29. Ne6 Bxe3 30. Qxe3 d2 31. Rd1 Qb3 32. Qg1
Ng4 {0-1 McDonald,N-Gyimesi,Z/Budapest 1995/EXT 97 (32)}) 17... Rfd8 18. Qxd3 {
White has nothing from the opening.} (18. b4 Bxb4 19. Qxd3 Be7 $15) 18... Qxb3
19. Qe2 Qe6 20. Rfd1 Rd5 21. h3 a5 $15 {1/2-1/2 Onischuk,A-Sokolov,I/Wijk aan
Zee 1997/CBM 57/[Wedberg] (62)}) (12. Re1 {1-0 Szelag,M-Jedryczka,K/Augustow
1996/EXT 99 (42)}) 12... Kxf7 13. Qf3+ Ke6 14. Qg4+ $1 $146 {[%mdl 8]} (14. Ne4
{was played and analysed by Cuban players.In according to Wedberg Black forces
a draw after} Nxb3 (14... Nxe4 15. Qxe4 Ne7 $13) 15. Qg4+ Kf7 16. Qf5+ Kg8 $1 (
16... Ke8 {'?' Wedberg.} 17. e6 Bxe6 (17... Ne5 18. axb3 $16) (17... Qc8 18.
Qxd5 Nba5 19. b4 Ne7 20. Qh5+ $16) 18. Qxe6+ Ne7 19. Qxb3 Qd5 20. Qxd5 Nxd5 21.
cxd4 $16 {2.30-2.15. 1/2-1/2 Dominguez,L-Rios,E/Cienfuegos 1996/CBM 52 ext (49)
}) 17. e6 h6 (17... Qe7 $2 18. Qxd5 Nxa1 19. Bg5 Rd8 20. Qxc6 Qe8 21. Qxc7 Rc8
22. Qe5 $16) 18. Qf7+ (18. axb3 Rh7 $17) 18... Kh7 19. Ng5+ hxg5 20. Qh5+ Kg8
21. Qf7+ $11) 14... Ke7 $8 (14... Kf7 $2 15. Qf5+ Ke7 (15... Kg8 16. e6 $18) (
15... Ke8 16. e6 Bxe6 17. Bxe6 Qf6 18. Qxf6 gxf6 19. Bd5 Kd7 20. cxd4 $18) 16.
e6 Nxb3 (16... Nxe6 17. Bxd5 $18 {[%cal Gf1e1]}) (16... Bxe6 17. Re1 $1 (17.
Qxc5+ Qd6 $8 18. Qg5+ Kd7 $16 (18... Kf7 19. Qf5+ Ke7 20. Re1)) 17... Qd6 18.
Bxe6 Nxe6 19. Nb3 $1 {[%cal Gc1g5,Gb3c5]} (19. Ne4 $5 Qe5 20. Bg5+ Kd7 (20...
Nxg5 21. Nxg5 $18 {[%cal Re1e7]}) (20... Ke8 21. Nf6+ $18) 21. Nc5+ $1 Bxc5 (
21... Qxc5 22. Qxe6#) 22. Rxe5 Nxe5 23. Qxe5 $18) 19... Ncd8 20. Bg5+ Kd7 21.
Bxd8 Kxd8 (21... Rxd8 22. Nc5+ $1 Kc8 23. Rxe6 Qxc5 24. Re5+ $18) 22. Rxe6 Qd7
23. Nxd4 $18) 17. Nxb3 {[%cal Gc1g5]} Bxe6 18. Re1 (18. Bg5+ $2 Kd7) 18... Qc8
19. Nxd4 (19. cxd4 $5) 19... Nxd4 20. cxd4 $18 {[%cal Gd4d5]}) 15. e6 $1 {
[%cal Gg4g5]} Bxe6 (15... Nxb3 {doesn't save} 16. Nxb3 Bxe6 17. Re1 Qd5 (17...
Qd6 $2 18. Nc5 Nd8 19. Bg5+ Kf7 20. Qf3+ {[%cal Rf3f7,Rf3a8]}) 18. Nc5 Nd8 19.
cxd4 $1 {[%cal Ge1e5,Gc5e6]} h6 $8 (19... g6 $2 20. Nxe6 Nxe6 21. Re5 Qd6 22.
Bg5+ Kd7 (22... Kf7 23. Qf3+ {[%cal Rf3f7,Rf3a8]}) 23. Rae1 Re8 24. d5 $18) (
19... Kf7 $2 20. Nxe6 Nxe6 21. Re5 Qd6 22. Qf3+ $18 {[%cal Rf3f7,Rf3a8]}) 20.
Bf4 $1 Kf7 21. Nxe6 Nxe6 22. Re5 Qd7 23. Qf5+ $18) 16. Re1 Qd7 (16... Qd6 {
allow White to bring knight into play with tempo.} 17. Bxe6 Nxe6 18. Ne4 Qe5
19. Bd2 $1 {[%cal Ge4c5,Ge4g5]} (19. Bg5+ Kd7 20. Nc5+ Bxc5 (20... Qxc5 21.
Qxe6#) 21. Rxe5 Nxe5) 19... h5 (19... Qd5 20. Ng5 Ncd8 21. Nxe6 Nxe6 22. Rxe6+
Qxe6 23. Re1 Qxe1+ 24. Bxe1 $16) 20. Qh4+ (20. Qg6 $5) 20... Kd7 21. Ng5 Qf5
22. Nxe6 Qg4 23. Qxg4 hxg4 24. cxd4 $16) 17. Bxe6 ({Unfortunately} 17. Ne4 $2 {
doesn't work because of} Nxb3 ({In case of} 17... Bxg4 $4 {White beautifully
mates} 18. Bg5+ Ke8 19. Nd6#)) 17... Nxe6 18. Nf3 (18. Nb3) 18... Re8 (18...
Kf7 $2 19. Rxe6 (19. Ng5+ $5)) 19. Ng5 Ncd8 $8 20. Bd2 $1 {[%cal Gc3d4,Gd2b4]
Svidler brings another piece into attack.} h6 $6 {[%csl Rg6]} ({It was
interesting to seek a refuge on the queenside.Here is examplary variation:} 
20... Kd6 $5 21. cxd4 Kc6 22. Qe4+ Kb6 23. d5 Bc5 $1 (23... Nxg5 24. Qxe8 Qxe8
25. Rxe8 {with an advantage for White.}) 24. Nxe6 (24. b4 Nxg5 25. bxc5+ Ka7
$13) 24... Nxe6 25. b4 Bxf2+ 26. Kxf2 Nd8 {and Black is still alive.}) 21. Nf3
$1 $16 {[%cal Gf3e5,Ge5g6] White's attack on its final stages.} ({After} 21.
Nxe6 Nxe6 22. Rxe6+ Qxe6 23. Re1 Qxe1+ 24. Bxe1 $14 {[%csl Re7] White is
better,but Svidler already goes for more.}) 21... Qd5 22. Re5 Qd6 23. cxd4 {
[%cal Gd4d5]} h5 (23... c6 24. d5 cxd5 $140 25. Bb4 $18) 24. Qe4 Kf7 25. d5 Kg8
26. Qg6 (26. dxe6 $5 Rxe6 27. Bf4 (27. Bc3 $5) 27... Rxe5 28. Bxe5 $18) 26...
Re7 27. Rae1 Nd4 $8 28. Qxd6 Nxf3+ 29. gxf3 cxd6 30. Rxe7 Bxe7 31. Rxe7 $18 {
Certainly White is winning anyhow and that can sometimes be a problem. Hecht,
Hj: '[#] Aktiver Turm, Mehrbauer: Urteil: +- Partieverlauf: Anand gibt für
höchste Aktivität den Damenflügel auf und erreicht dennoch nur ein anscheinend
verlorenes Endspiel mit einem Springer gegen drei vereinzelte weiße Freibauern.
Doch mit seinem letzten Bauern als "Siegfried" kann Schwarz Remis erreichen.
Wirklich?! Siehe dazu die Anmerkung am Partieende!!'} Nf7 32. Ra7 $6 {First
inaccuracy.} (32. h4 $1 {preventing possible counterplay was the simplest way
to the victory.} Ne5 33. Kg2 Kh7 34. Bc3 $18) 32... h4 $1 {[%cal Gh8h5]} 33.
Ra8+ Kh7 34. Rxa6 Kg6 {[%cal Gh8h5]} 35. Rb6 Rc8 36. Rxb5 $2 {[%mdl 16384] A
serious mistake.White should prevent possible counterplay.} (36. Bc3 $5 h3 37.
f4 $1 {[%cal Gf2f3]} Re8 38. Kf1 $18) (36. h3 $5 Rc2 37. Bc3 $18) 36... Rc2 37.
Bc3 h3 {[%csl Rg1,Rh2] Now suddenly Black creates counterplay.} 38. Kf1 Ng5 {
[%csl Rf3,Rh2]} 39. Rb7 Nxf3 40. Rxg7+ Kf5 {[%csl Rf1]} 41. Rg3 Ke4 {[%cal
Gf3h2]} 42. Rxh3 $8 {It's time to sacrifice a piece.Otherwise 42...N:h2+ is
following.} Rc1+ 43. Ke2 (43. Kg2 $4 Rg1#) 43... Rxc3 $1 44. bxc3 Ng1+ 45. Kf1
Nxh3 {Look at the position ten moves ago.It's just unbelievable.Fortunately
White is still better,but now he must prove his superiority.} 46. a4 Kxd5 47.
Kg2 Ng5 48. h4 Ne4 49. h5 Ke6 50. c4 Nd2 ({Or} 50... Kf5 51. f4 $1) 51. a5 Nxc4
52. a6 Nb6 53. a7 Kf5 54. f4 $18 {White gets winning position once again.Now
first part of his plan is to bring king to the queenside and force d5-d4.Black
has to wait.} Na8 55. Kf3 d5 56. Ke3 Nc7 {Only defensive setup.} 57. Kd2 Kf6
58. Kc2 Kf5 59. Kb3 d4 60. Kc4 Kf6 61. Kd3 Kf5 {Second part of White's plan is
to reach the board position with Black to go.The triangle makes the day.} 62.
Ke2 Kf6 63. Kf2 (63. Kd2 {is shorter.} Na8 ({or} 63... Kf5 64. Kd3 Kf6 65. Ke4)
64. Kd3 Nc7 65. Ke4) 63... Kf5 ({or} 63... Ke6 64. h6 Kf6 65. f5) 64. Kf3 Na8
65. Ke2 Nc7 66. Kd3 {two extra moves and White reaches the position of
zugzwang.} Kf6 67. Ke4 Kf7 68. f5 Kf6 (68... Kg7 69. Kd3 Kf6 70. h6 {leads to
the same.}) 69. h6 Kf7 {It's incredible.White accepts draw in the situation
when a win as close as never. Hecht,Hj: '[#] Entgegen meinen Anmerkungen im
Vorspann ist Anand überraschenderweise doch verloren. Wenn Swidler seinen
a-Bauern gegen den d-Bauern hergibt, stellt er dabei den Springer so schlecht,
daß der entweder gar nicht mehr eingreifen kann oder aber selbst den Verlust
verursacht. Das geht so:'} (69... Kf7 {After} 70. Kxd4 {White wins by force}
Nb5+ $8 71. Kc5 Nxa7 72. Kb6 $1 Nc8+ (72... Kg8 73. f6 $1 (73. Kxa7 $4 Kh7 74.
Kb6 Kxh6 75. Kc6 Kg5 $11) 73... Nc8+ 74. Kc7 Na7 75. Kd7 $18) 73. Kc7 Ne7 (
73... Na7 74. Kd7 {'!' Hecht,Hj.} Nb5 (74... Kf6 75. h7 $1 Kg7 76. f6+ Kxh7 77.
f7 Kg7 78. Ke8 $1 $18 {'+-' Hecht,Hj.}) 75. h7 Kg7 76. f6+ Kxh7 77. f7 Kg7 78.
Ke7 $18) 74. h7 Kg7 (74... Nd5+ 75. Kd6 (75. Kd6 {Hecht,Hj} Kg7 76. Kxd5 Kxh7
77. Ke6 Kg7 78. Ke7 $18)) 75. f6+ $1 $18 {'+-' Hecht,Hj. It's clear that
Svidler missed this nice idea.Even the sun has spots!}) 1/2-1/2

[Event "POL-ch 54th"]
[Site "Sopot"]
[Date "1997.??.??"]
[Round "14"]
[White "Gdanski, Jacek"]
[Black "Grabarczyk, Bogdan"]
[Result "1-0"]
[WhiteElo "2485"]
[BlackElo "2460"]
[Annotator "Mikhalevski,V"]
[PlyCount "63"]
[EventDate "1997.03.18"]
[EventType "tourn"]
[EventRounds "15"]
[EventCountry "POL"]
[EventCategory "9"]
[SourceTitle "CBM 059"]
[Source "ChessBase"]
[SourceDate "1997.08.01"]
[SourceVersion "1"]
[SourceVersionDate "1997.08.01"]
[SourceQuality "1"]

1. e4 e5 2. Nf3 Nc6 3. Bb5 a6 4. Ba4 Nf6 5. O-O Nxe4 6. d4 b5 7. Bb3 Be7 8. Qe2
(8. Nxe5 Nxe5 9. dxe5 Bb7 10. Qg4 (10. Bd5 Bxd5 11. Qxd5 Nc5 12. Be3 (12. f4 c6
13. Qf3 O-O 14. Be3 f5 (14... f6 $5) (14... Qc7 $5 15. Nc3 d5) 15. exf6 Rxf6
16. Nc3 d5 $11 {1-0 Kupreichik,V-Norri,J/EU-chT Debrecen 1992 (36)}) 12... c6
13. Qf3 d5 14. exd6 Qxd6 15. Rd1 $14 {1-0 Elkaim,O-Lacrosse,M/Paris op 1995 
(25)}) 10... O-O 11. Nc3 (11. f3 Ng5 (11... Bc5+ 12. Kh1 Nf2+ 13. Rxf2 Bxf2 14.
Bg5 $44) 12. Nc3 (12. f4 Ne4 13. f5 {Tal,M-SmyslovSSSR(ch)1977} Bc5+ 14. Kh1
Kh8 15. Nc3 Nf2+ 16. Rxf2 Bxf2 17. Bg5 f6 18. exf6 gxf6 19. Bh6 Rg8 $19) 12...
Kh8 13. f4 f5 14. exf6 Bc5+ 15. Kh1 Qxf6 $15) (11. Bh6 Ng5 $11 {Smyslov,V}) (
11. Re1 Bg5 (11... Ng5 $5 {Smyslov,V}) (11... d5 $5 {Gufeld}) 12. Nc3 Bxc1 13.
Nxe4 Bxe4 14. Raxc1 Bc6 15. Re3 $16 {Tseitlen-PukshanskiSSSR1978}) 11... Nxc3
12. Bh6 (12. bxc3 Kh8 13. Bf4 d5 14. exd6 Bxd6 15. Rad1 Qc8 (15... f5 $5) 16.
Qxc8 Raxc8 17. Bxd6 cxd6 18. Rxd6 Rxc3 19. Re1 Bc8 20. f3 Rc7 21. Rb6 g6 22.
Re2 Rd8 23. Kf2 Kg7 24. Re3 Rd2+ 25. Re2 {1/2-1/2 Anand,V-Piket,J/Roquebrune
rapid 1992}) 12... Bf6 13. exf6 Qxf6 14. Be3 Nd5 15. Rad1 Qe6 16. Qh5 c6 17.
Bxd5 cxd5 18. Rd4 Qg6 19. Qh3 f5 20. Bd2 Rac8 21. Bc3 Rfe8 22. Rfd1 Rc4 23. Qd3
Bc6 24. f3 Re6 25. b3 Rxd4 26. Bxd4 f4 27. Qxg6 hxg6 28. Kf2 {1/2-1/2 Shirov,
A-Smyslov,V/Tallinn rapid 1996}) (8. dxe5 O-O (8... Nc5 9. Bd5 O-O 10. Nd4 Bb7
11. Bxc6 dxc6 12. Nf5 Bc8 13. Qg4 Bxf5 14. Qxf5 f6 $13 {Kavalek-Sampouw,New
Zealand1977}) 9. Bd5 Nc5 10. Nc3 (10. Be3 Bb7 11. Nc3 Ne6 12. Ne4 Kh8 (12...
Rb8 $5) 13. c3 f5 $6 14. exf6 Bxf6 15. Qd2 Qe7 $2 (15... Qe8 $142) 16. Bxe6 {
/\Nc5;Bc5 1-0 Van Riemsdijk,H-Lacrosse,M/Liechtenstein op 1995} (16. Bxe6 Qxe6
17. Nc5 $18)) 10... Bb7 11. Bf4 Ne6 12. Bg3 Kh8 13. a4 b4 14. Ne4 f5 15. exf6
Bxf6 16. c3 $14 Rb8 17. Re1 Be7 18. Bxe6 dxe6 19. Qxd8 Rbxd8 20. Neg5 $16 {
1-0 Kamsky,G-Anand,V/Monaco blind 1995 (46)}) (8. Bd5 Nf6 9. Bxf7+ Kxf7 10.
dxe5 Re8 11. exf6 Bxf6 12. Nc3 $14) (8. Re1 d5 9. dxe5 Be6) 8... d5 9. dxe5 Na5
10. Rd1 (10. Nbd2 Nxd2 11. Bxd2 Nxb3 12. axb3 O-O 13. b4 Bg4 14. h3 Bh5 $11 {
0-1 Nokso Koivisto,A-Norri,J/FIN-ch Helsinki 1990 (34)}) 10... Be6 11. Nbd2
Nxd2 12. Bxd2 Nxb3 13. axb3 c5 $2 (13... O-O 14. b4 $11) 14. Rxa6 $1 O-O 15.
Qxb5 $18 Bg4 16. Rda1 Rb8 17. Qe2 c4 18. h3 Bh5 19. Qe3 cxb3 20. cxb3 Bxf3 21.
Qxf3 d4 22. Rd1 Qc7 23. Rc6 Qb7 24. Bf4 Qa7 25. e6 Rb7 26. Be5 fxe6 27. Qg4 Bc5
28. Qxe6+ Kh8 29. Qd5 Bb6 30. Bxd4 Rd7 31. Rd6 Rfd8 32. Bxb6 1-0